Estadísticas para Banderas a Lenguas

Haz click aquí para tomar la prueba!

Estadísticas generales

  • Esta prueba ha sido tomada 4.114 veces
  • La puntuación promedio es 14 de 18

Estadísticas de respuestas

Respuesta% Correcto
Inglés
99%
Japonés
99%
Portugués
99%
Francés
97%
Italiano
97%
Sueco
94%
Español
93%
Coreano
89%
Turco
84%
Alemán
78%
Tailandés
78%
Ruso
76%
Árabe
75%
Hebreo
74%
Vietnamita
69%
Malayo
51%
Persa
44%
Bengalí
36%

Distribución de puntuación

Porcentaje por número respondido

Porcentaje de gente con cada puntuación

Historial de tus puntuaciones

No has tomado esta prueba